All ASA exclusives in ARK - Statistics

General Stats
  • This quiz has been taken 2 times
  • The average score is 17 of 41
Answer Stats
Hint Answer % Correct
adrenalin filled monster acro
100%
gentle sea turtle archelon
100%
good doogy armadoggo
100%
meow cat
100%
venom filled hyperspeed demon cerato
100%
big chomper deinosuchus
100%
fairy dragons drakeling
100%
nightmare pegasus dreadmare
100%
bear but forest elderclaw
100%
man bull minotaur
100%
flaming hot cheetos pyromane
100%
baby fox veilwyn
100%
gliding creature yi ling
100%
he give you milk bison
50%
drunk giant deinotherium
50%
5 heads dragon hydra
50%
boss man lost king
50%
boss lady lost queen
50%
nightmare fuel dinosaur megaraptor
50%
angel fox soulwyn
50%
friendly spider cosmos
0%
ice spitter cryolofosaurus
0%
sauropod godzills dreadnhouths
0%
sand digger fasolasuchus
0%
bat but BIG gigadesmodus
0%
egg protector giganthoraptor
0%
big eye looking ahhh gloon
0%
turtle with openable shell grand tortugar
0%
a new boss for valguero WOWIE grendel
0%
saw shark helicoprion
0%
maewing but lizard maeguana
0%
demon fox malwym
0%
medusa natrix
0%
i new boss for ragnarock WOW nunatak
0%
flying oasis oasiasaur
0%
king kong with skull ossidon
0%
grosso looking guy revenant
0%
giant whale shastasaurus
0%
cyclops thodes
0%
for you my lord thrall
0%
fast fish xiphactus
0%
No matching quizzes found
Score Distribution
Percent of People with Each Score
Percentile by Number Answered
Your Score History
You have not taken this quiz